| 000 | 00730cam a22002531 4500 | ||
|---|---|---|---|
| 001 | s 42000013 | ||
| 003 | DLC | ||
| 005 | 20260227111912.0 | ||
| 008 | 790907s1940 nyua l000 0 eng | ||
| 010 | _as 42000013 | ||
| 035 | _a(OCoLC)5350099 | ||
| 040 |
_aDLC _cDSI _dDLC |
||
| 042 | _apremarc | ||
| 050 | 0 | 0 |
_aTS537 _b.M4 |
| 100 | 1 |
_aMayer, Joseph Ralph, _d1897- |
|
| 245 | 1 | 0 |
_aCeltic art on Scottish pistols, _cby Joseph R. Mayer. |
| 260 |
_aNew York, _bThe Armor and arms club, _c1940. |
||
| 300 |
_a8 p. l., 10 p. _billus. _c25 cm. |
||
| 490 | 0 |
_aArmor and arms club, New York. Papers, _vno. 1 |
|
| 500 | _a"References" : p. 8. | ||
| 650 | 0 | _aPistols. | |
| 650 | 0 | _aArt, Celt. | |
| 650 | 0 | _aDecoration and ornament. | |
| 999 |
_c52764 _d52764 |
||